[Event "PARDUBICE OPEN  2007 "]
[Site "?"]
[Date "2007.07.24"]
[Round "5"]
[White "Babula, Vlastimil"]
[Black "Laznicka, Viktor"]
[Result "1/2-1/2"]
[WhiteElo "2577"]
[BlackElo "2594"]
[PlyCount "31"]

1. d4 Nf6 2. c4 e6 3. Nf3 d5 4. Nc3 Bb4 5. Qa4+ Nc6 6. e3 O-O 7. Bd2 Bd7 8. Qc2
Qe7 9. a3 Bxc3 10. Bxc3 Ne4 11. Bd3 Nxc3 12. Qxc3 a5 13. b3 Rfc8 14. O-O Be8
15. Rfe1 Qd6 16. c5 1/2-1/2

[Event "PARDUBICE OPEN  2007 "]
[Site "?"]
[Date "2007.07.24"]
[Round "5"]
[White "Bobras, Piotr"]
[Black "Janturin, Artur"]
[Result "1/2-1/2"]
[WhiteElo "2558"]
[BlackElo "2435"]
[PlyCount "63"]

1. e4 e6 2. d4 d5 3. Nc3 Bb4 4. e5 c5 5. a3 Bxc3+ 6. bxc3 Ne7 7. Qg4 O-O 8. Bd3
Nd7 9. Qh5 f5 10. Nh3 Qa5 11. Bd2 Nb6 12. g4 Nc4 13. gxf5 exf5 14. Ng5 h6 15.
Nf3 Nxd2 16. Kxd2 cxd4 17. Nxd4 Bd7 18. Rag1 Rac8 19. Qxh6 Qxc3+ 20. Ke3 Rf7
21. e6 Bxe6 22. Nxe6 Qe5+ 23. Kf3 Rc6 24. Rxg7+ Rxg7 25. Qxg7+ Qxg7 26. Nxg7
Kxg7 27. h4 Rh6 28. Ke3 Kf6 29. c4 b6 30. cxd5 Nxd5+ 31. Kf3 Ke5 32. Bc2
1/2-1/2

[Event "PARDUBICE OPEN  2007 "]
[Site "?"]
[Date "2007.07.24"]
[Round "5"]
[White "Dvoirys, Semen"]
[Black "Hasangatin, Ramil"]
[Result "1/2-1/2"]
[WhiteElo "2577"]
[BlackElo "2476"]
[PlyCount "54"]

1. e4 c5 2. Nf3 Nc6 3. d4 cxd4 4. Nxd4 e6 5. Nc3 Bb4 6. Ndb5 Nf6 7. a3 Bxc3+ 8.
Nxc3 d5 9. exd5 exd5 10. Qe2+ Be6 11. Bg5 h6 12. Bh4 O-O 13. O-O-O Re8 14. Qb5
Qc7 15. Kb1 a6 16. Qd3 Ne4 17. Nxd5 Bxd5 18. Qxd5 Rad8 19. Bxd8 Rxd8 20. Qxe4
Rxd1+ 21. Ka2 Qd7 22. c3 Na5 23. g3 Ra1+ 24. Kxa1 Qd1+ 25. Ka2 Qb3+ 26. Kb1
Qd1+ 27. Ka2 Qb3+ 1/2-1/2

[Event "PARDUBICE OPEN  2007 "]
[Site "?"]
[Date "2007.07.24"]
[Round "5"]
[White "Potkin, Vladimir"]
[Black "Simacek, Pavel"]
[Result "1-0"]
[WhiteElo "2591"]
[BlackElo "2481"]
[PlyCount "71"]

1. d4 d5 2. c4 dxc4 3. e4 e5 4. Nf3 exd4 5. Bxc4 Bb4+ 6. Bd2 Bxd2+ 7. Nbxd2 Nc6
8. O-O Nge7 9. Nb3 O-O 10. Nfxd4 Nxd4 11. Nxd4 c5 12. Nb5 a6 13. Nd6 Qc7 14.
Bxf7+ Rxf7 15. Nxf7 Kxf7 16. Qh5+ Ng6 17. Rac1 Qe5 18. Qxe5 Nxe5 19. Rxc5 Nc6
20. f4 Bd7 21. Rd1 Ke7 22. Kf2 Rf8 23. Ke3 Rf6 24. f5 Be8 25. Rd2 Bf7 26. b3
Rh6 27. g3 g6 28. Kf4 Rh3 29. b4 gxf5 30. exf5 Rh6 31. b5 Na5 32. Rc7+ Kf8 33.
Rd8+ Kg7 34. Rdd7 Rf6 35. g4 h6 36. h4 1-0

[Event "PARDUBICE OPEN  2007 "]
[Site "?"]
[Date "2007.07.24"]
[Round "5"]
[White "Kotronias, Vasilios"]
[Black "Schlosser, Philipp"]
[Result "1/2-1/2"]
[WhiteElo "2602"]
[BlackElo "2562"]
[PlyCount "153"]

1. e4 e5 2. Nf3 Nc6 3. Bb5 a6 4. Ba4 Nf6 5. O-O Be7 6. Re1 b5 7. Bb3 d6 8. c3
O-O 9. h3 Re8 10. d4 Bb7 11. Nbd2 Bf8 12. a4 h6 13. Bc2 exd4 14. cxd4 Nb4 15.
Bb1 c5 16. d5 Nd7 17. Ra3 c4 18. axb5 axb5 19. Nd4 Qb6 20. Nf5 Ne5 21. Rg3 g6
22. Nf3 Ned3 23. Be3 Qd8 24. Bxh6 Qf6 25. Qd2 Nxe1 26. Bxf8 Nxf3+ 27. Rxf3 gxf5
28. Rxf5 Qg6 29. Rg5 Qxg5 30. Qxg5+ Kxf8 31. Qh6+ Kg8 32. Qxd6 Ra1 33. Qxb4
Rxb1+ 34. Kh2 Rxe4 35. Qxb5 c3 36. Qxb7 cxb2 37. Kg3 Kg7 38. Qb3 Re2 39. Qc3+
f6 40. Qc7+ Kg6 41. Qc8 Rbe1 42. Qg8+ Kf5 43. Qc8+ Ke5 44. Qe6+ Kd4 45. Qxf6+
Kxd5 46. Qf7+ Kd4 47. Qa7+ Kc4 48. Qa4+ Kc3 49. Qa3+ Kc2 50. Qa4+ Kc1 51. Qa3
Rd1 52. h4 Rdd2 53. Kh3 Rxf2 54. g3 Kc2 55. Qc5+ Kd1 56. Qb4 Rh2+ 57. Kg4 Rd3
58. h5 Rhd2 59. Qa4+ Ke1 60. Qe4+ Kf2 61. Qb7 Rxg3+ 62. Kf4 Rg1 63. Qf3+ Ke1
64. Qe3+ Kf1 65. Qh3+ Rgg2 66. Qh1+ Kf2 67. h6 Rd4+ 68. Ke5 Rb4 69. h7 Rb5+ 70.
Kf6 Rb6+ 71. Kf7 Rb7+ 72. Kf6 Rb6+ 73. Kf7 b1=Q 74. Qxb1 Rxb1 75. h8=Q Rf1 76.
Ke6 Kg1 77. Qd4+ 1/2-1/2

[Event "PARDUBICE OPEN  2007 "]
[Site "?"]
[Date "2007.07.24"]
[Round "5"]
[White "Boskovic, Drasko"]
[Black "Korobov, Anton"]
[Result "1/2-1/2"]
[WhiteElo "2473"]
[BlackElo "2530"]
[PlyCount "40"]

1. e4 e6 2. d4 d5 3. Nd2 c5 4. exd5 exd5 5. Ngf3 Nc6 6. Bb5 Bd6 7. dxc5 Bxc5 8.
O-O Nge7 9. Nb3 Bd6 10. Re1 O-O 11. Bg5 Bg4 12. Be2 Qd7 13. h3 Bf5 14. Bxe7
Bxe7 15. Bd3 Bd6 16. Nbd4 Bg6 17. Qd2 Rfe8 18. Bxg6 hxg6 19. Rad1 Rad8 20.
Rxe8+ Qxe8 1/2-1/2

[Event "PARDUBICE OPEN  2007 "]
[Site "?"]
[Date "2007.07.24"]
[Round "5"]
[White "Schneider, Dmitry"]
[Black "Gajewski, Grzegorz"]
[Result "1/2-1/2"]
[WhiteElo "2488"]
[BlackElo "2556"]
[PlyCount "111"]

1. e4 c5 2. Nf3 d6 3. d4 cxd4 4. Nxd4 Nf6 5. Nc3 a6 6. h3 g6 7. g4 Bg7 8. g5
Nfd7 9. Be3 Nc6 10. Qd2 O-O 11. O-O-O Nde5 12. Be2 Na5 13. b3 Bd7 14. f4 Nec6
15. Nf3 Nb4 16. Nd5 Nxd5 17. exd5 Rc8 18. Bd4 Bxd4 19. Nxd4 Rc5 20. Bf3 Qb6 21.
h4 Rfc8 22. Be4 Bf5 23. Nxf5 gxf5 24. Bxf5 e6 25. dxe6 Rxf5 26. e7 Nc6 27. Rhe1
Re8 28. Qxd6 Qc5 29. Qxc5 Rxc5 30. Rd7 b6 31. Re4 a5 32. a3 f5 33. gxf6 Kf7 34.
Rd6 Nb8 35. Re5 Rc6 36. Ree6 Rc7 37. Rd8 Rc8 38. Rxc8 Rxc8 39. Rxb6 Nd7 40. Rd6
Nxf6 41. Ra6 Kxe7 42. Rxa5 Rc3 43. Re5+ Kd6 44. a4 Rh3 45. a5 Rxh4 46. a6 Rg4
47. a7 Rg8 48. Ra5 Ra8 49. Ra6+ Ke7 50. b4 Ne8 51. c4 Nd6 52. c5 Nc8 53. Rh6
Nxa7 54. Rxh7+ Ke6 55. Kc2 Kd5 56. Rb7 1/2-1/2

[Event "PARDUBICE OPEN  2007 "]
[Site "?"]
[Date "2007.07.24"]
[Round "5"]
[White "Smerdon, David"]
[Black "Vovk, Andriy"]
[Result "1-0"]
[WhiteElo "2461"]
[BlackElo "2504"]
[PlyCount "161"]

1. e4 c5 2. c3 Nf6 3. e5 Nd5 4. d4 cxd4 5. Nf3 Nc6 6. cxd4 d6 7. Bc4 Nb6 8. Bb5
Bd7 9. Nc3 e6 10. O-O a6 11. Bd3 dxe5 12. dxe5 Nb4 13. Bg5 Be7 14. Ne4 Nc8 15.
Rc1 Nxd3 16. Qxd3 Bb5 17. Qb3 Qd5 18. Bxe7 Qxb3 19. axb3 Bxf1 20. Ba3 Bb5 21.
Rc7 h6 22. Nd4 Bc6 23. Nxc6 bxc6 24. Bc5 a5 25. f4 Rb8 26. b4 axb4 27. g4 h5
28. f5 hxg4 29. f6 g6 30. Ng5 Rh5 31. Nxf7 Rh7 32. Nd6+ Nxd6 33. Rxh7 Nf7 34.
Rg7 Rb5 35. Rg8+ Kd7 36. Rg7 Ke8 37. Rg8+ Kd7 38. Rf8 Nxe5 39. f7 Nxf7 40.
Rxf7+ Ke8 41. Rf8+ Kd7 42. Bf2 g5 43. Rg8 Ra5 44. Rg7+ Ke8 45. Rc7 Ra1+ 46. Kg2
Rb1 47. Rxc6 Rxb2 48. Rxe6+ Kf7 49. Rb6 b3 50. Kg3 Rc2 51. Rxb3 Kg6 52. Re3 Kf5
53. Re8 Rc3+ 54. Kg2 Rb3 55. Rf8+ Kg6 56. Bg3 Rb2+ 57. Kf1 Ra2 58. Rf2 Ra1+ 59.
Ke2 Ra3 60. Rf8 Rb3 61. Rd8 Kf5 62. Rd5+ Kg6 63. Rd3 Rb7 64. Rd6+ Kh5 65. Ke3
Rb3+ 66. Rd3 Rb1 67. Ke4 Rf1 68. Rd2 Rf7 69. Rf2 Rf6 70. Rf5 Ra6 71. Rf8 Rf6
72. Rd8 Rf1 73. Ke5 Kg6 74. Rg8+ Kh5 75. Ke6 Rf3 76. Be5 Kh6 77. Bf6 Ra3 78.
Kf7 Ra7+ 79. Be7 Kh7 80. Rxg5 Kh6 81. Rxg4 1-0

[Event "PARDUBICE OPEN  2007 "]
[Site "?"]
[Date "2007.07.24"]
[Round "5"]
[White "Polzin, Rainer"]
[Black "Khmelniker, Ilya"]
[Result "1/2-1/2"]
[WhiteElo "2505"]
[BlackElo "2427"]
[PlyCount "73"]

1. g3 Nf6 2. Bg2 d5 3. Nf3 g6 4. b3 Bg7 5. Bb2 O-O 6. c4 c6 7. O-O a5 8. d3 b6
9. Nbd2 Bb7 10. e4 Na6 11. Qe2 e6 12. e5 Nd7 13. h4 Qc7 14. h5 c5 15. hxg6 hxg6
16. d4 Rfe8 17. Rac1 Nb4 18. a3 Nc6 19. cxd5 exd5 20. Ng5 Ndxe5 21. dxe5 Nxe5
22. Rfe1 d4 23. Bxb7 Qxb7 24. f4 Qd5 25. fxe5 Rxe5 26. Nge4 f5 27. Qg2 fxe4 28.
Rxe4 Rxe4 29. Nxe4 Rd8 30. Qf3 a4 31. Nf6+ Bxf6 32. Qxf6 Rd6 33. Qf4 g5 34. Qg4
Rh6 35. Qc8+ Kg7 36. Qc7+ Kg8 37. Qc8+ 1/2-1/2

[Event "PARDUBICE OPEN  2007 "]
[Site "?"]
[Date "2007.07.24"]
[Round "5"]
[White "Markos, Jan"]
[Black "Zilberman, Yaacov"]
[Result "0-1"]
[WhiteElo "2559"]
[BlackElo "2473"]
[PlyCount "66"]

1. c4 e5 2. Nc3 d6 3. g3 g6 4. Nf3 Bg7 5. d4 Nd7 6. Bg2 Ne7 7. O-O O-O 8. e4 c5
9. d5 a6 10. a3 h6 11. Ne1 b5 12. cxb5 axb5 13. Nc2 b4 14. axb4 Rxa1 15. Nxa1
cxb4 16. Na4 Ba6 17. Re1 Qa5 18. b3 f5 19. Nc2 fxe4 20. Rxe4 Nf6 21. Rxb4 Nexd5
22. Ba3 Nxb4 23. Nxb4 Bb5 24. Nc6 Bxc6 25. Bxc6 e4 26. Bxd6 Rd8 27. b4 Qf5 28.
Nc5 Kh8 29. Nb7 Ra8 30. Bc5 Ra2 31. Nd6 Qe6 32. Kg2 e3 33. Ne4 Qxc6 0-1

[Event "PARDUBICE OPEN  2007 "]
[Site "CEZ arena,  Pardubice  (CZE)"]
[Date "2007.07.24"]
[Round "5"]
[White "Kononenko, Dmitry"]
[Black "Mochalov, Evgeny V"]
[Result "1/2-1/2"]
[WhiteElo "2501"]
[BlackElo "2429"]
[PlyCount "55"]
[EventDate "2007.07.20"]

1. e4 c5 2. Nf3 Nc6 3. d4 cxd4 4. Nxd4 e5 5. Nb5 d6 6. N1c3 a6 7. Na3 b5 8. Nd5
Nge7 9. c4 Nxd5 10. Qxd5 Bd7 11. cxb5 Nd4 12. bxa6 Rc8 13. Bd2 Rc5 14. Qb7 Bc6
15. Qa7 Bxe4 16. Bc4 Be7 17. O-O O-O 18. Be3 d5 19. Bxd4 exd4 20. Bb5 d3 21.
Rad1 Rc7 22. Qe3 Bc5 23. Qd2 Qh4 24. Bxd3 Bxg2 25. Kxg2 Qg4+ 26. Kh1 Qf3+ 27.
Kg1 Rc6 28. Bc2 1/2-1/2

[Event "PARDUBICE OPEN  2007 "]
[Site "CEZ arena,  Pardubice  (CZE)"]
[Date "2007.07.24"]
[Round "5"]
[White "Shimanov, Alexander"]
[Black "Thiede, Lars"]
[Result "1-0"]
[WhiteElo "2428"]
[BlackElo "2489"]
[PlyCount "55"]
[EventDate "2007.07.20"]

1. d4 Nf6 2. c4 g6 3. Nc3 Bg7 4. e4 d6 5. h3 O-O 6. Bg5 c5 7. d5 Qa5 8. Bd3 e6
9. Qd2 exd5 10. exd5 Re8+ 11. Nge2 Nbd7 12. f4 a6 13. O-O h6 14. Bh4 b5 15.
cxb5 Bb7 16. Rad1 Rab8 17. a4 Qb4 18. bxa6 c4 19. Bxg6 fxg6 20. axb7 Rxb7 21.
Qc2 Qxb2 22. Qxg6 Rxe2 23. Bxf6 Nxf6 24. Nxe2 Qxe2 25. Rfe1 Qa2 26. Rb1 Rb2 27.
Ra1 Qb3 28. Re7 1-0

[Event "PARDUBICE OPEN  2007 "]
[Site "CEZ arena,  Pardubice  (CZE)"]
[Date "2007.07.24"]
[Round "5"]
[White "Grachev, Boris"]
[Black "Stark, Lars"]
[Result "1-0"]
[WhiteElo "2601"]
[BlackElo "2430"]
[PlyCount "165"]
[EventDate "2007.07.20"]

1. d4 Nf6 2. Nf3 e6 3. Bf4 c5 4. e3 Qb6 5. Qc1 Nh5 6. Bxb8 Rxb8 7. Nbd2 cxd4 8.
exd4 Be7 9. g3 Qc7 10. Bg2 O-O 11. O-O b5 12. c3 Nf6 13. Re1 Bb7 14. a4 a6 15.
axb5 axb5 16. Ne5 Bxg2 17. Kxg2 Rfc8 18. Qd1 d6 19. Nd3 d5 20. Rc1 b4 21. c4
dxc4 22. Nxc4 Qd8 23. Nde5 Rb5 24. Qf3 Bf8 25. Nc6 Qc7 26. N4e5 Re8 27. Ra1 Rb7
28. Rec1 Qd6 29. Rc5 Nd5 30. Rb5 Rc7 31. Ra6 f6 32. Nxb4 Qxb4 33. Rxb4 Nxb4 34.
Rc6 Nxc6 35. Nxc6 Rec8 36. d5 exd5 37. Qxd5+ Kh8 38. Nd8 h6 39. Ne6 Re7 40. h4
Rb8 41. h5 Rxe6 42. Qxe6 Rxb2 43. Qc8 Kg8 44. Kf3 Kf7 45. Qc4+ Ke8 46. Qc6+ Kf7
47. Qd5+ Ke8 48. Kg4 f5+ 49. Qxf5 Be7 50. Qg6+ Kf8 51. f4 Rb5 52. Qe6 Rc5 53.
Qb3 Ra5 54. Qb8+ Kf7 55. Qb6 Rc5 56. Qg6+ Kf8 57. Kf3 Ra5 58. Ke4 Bf6 59. Qg4
Be7 60. Qc8+ Kf7 61. Qc4+ Kf8 62. g4 Rc5 63. Qe6 Ra5 64. Kd3 Ra3+ 65. Kd4 Ra4+
66. Ke3 Ra3+ 67. Ke4 Ra5 68. g5 hxg5 69. Qc8+ Kf7 70. Qc4+ Kf8 71. f5 Rc5 72.
Qa6 Bf6 73. Qa3 Be7 74. Qa8+ Kf7 75. Qa2+ Kf8 76. Qa8+ Kf7 77. Qa2+ Kf8 78. h6
gxh6 79. Qa6 Rc1 80. f6 Rc7 81. Kf5 Ke8 82. Ke6 Bxf6 83. Qb5+ 1-0

[Event "PARDUBICE OPEN  2007 "]
[Site "CEZ arena,  Pardubice  (CZE)"]
[Date "2007.07.24"]
[Round "5"]
[White "Swinkels, Robin"]
[Black "Stocek, Jiri"]
[Result "1/2-1/2"]
[WhiteElo "2440"]
[BlackElo "2572"]
[PlyCount "140"]
[EventDate "2007.07.20"]

1. e4 c5 2. Nf3 d6 3. d4 cxd4 4. Nxd4 Nf6 5. Nc3 a6 6. Be3 e5 7. Nf3 Be7 8. Bc4
O-O 9. O-O Be6 10. Bb3 h6 11. Nh4 Nc6 12. Nf5 Na5 13. Nd5 Bxf5 14. exf5 Nxb3
15. axb3 Rc8 16. c4 Nxd5 17. Qxd5 Rc6 18. Rfc1 Bg5 19. Rc3 Bxe3 20. Rxe3 Qf6
21. Qe4 Rfc8 22. Rc3 b5 23. cxb5 Rxc3 24. bxc3 axb5 25. Ra8 Rxa8 26. Qxa8+ Kh7
27. g4 g6 28. Qe4 gxf5 29. gxf5 Qg5+ 30. Kf1 Kg7 31. Qd3 Qf4 32. Qxb5 Qc1+ 33.
Kg2 Qxc3 34. Qd5 Qb4 35. h3 Kf6 36. Kf3 h5 37. Kg3 Ke7 38. Kg2 h4 39. Qf3 Kf6
40. Qd5 Ke7 41. Qf3 Kf6 42. Qd5 Kxf5 43. Qxf7+ Ke4 44. Qh7+ Kd5 45. Qd3+ Kc5
46. Kf3 d5 47. Qc2+ Kb6 48. Ke2 d4 49. Kd3 Qe7 50. Qc4 Qh7+ 51. Kd2 Qf5 52.
Qb4+ Kc6 53. Qc4+ Kb6 54. Qb4+ Kc6 55. Qc4+ Kd6 56. Qb4+ Ke6 57. Qb6+ Kf7 58.
Qb7+ Kg6 59. Qg2+ Kh5 60. b4 e4 61. b5 d3 62. Qg4+ Qxg4 63. hxg4+ Kxg4 64. b6
h3 65. b7 h2 66. b8=Q h1=Q 67. Qg8+ Kf5 68. Qf7+ Ke5 69. Qe7+ Kf5 70. Qf7+ Ke5
1/2-1/2

[Event "PARDUBICE OPEN  2007 "]
[Site "CEZ arena,  Pardubice  (CZE)"]
[Date "2007.07.24"]
[Round "5"]
[White "Mikhalevski, Alexander"]
[Black "Oleksienko, Mikhailo"]
[Result "0-1"]
[WhiteElo "2441"]
[BlackElo "2567"]
[PlyCount "86"]
[EventDate "2007.07.20"]

1. d4 Nf6 2. c4 e6 3. Nf3 b6 4. a3 Ba6 5. e3 d5 6. b3 Bd6 7. Bd3 O-O 8. O-O
Nbd7 9. Bb2 Bb7 10. Nbd2 Ne4 11. b4 Nxd2 12. Nxd2 dxc4 13. Nxc4 Qg5 14. g3 f5
15. Nxd6 cxd6 16. Rc1 Nf6 17. Rc7 Rf7 18. Rxf7 Kxf7 19. Qe2 Rc8 20. f3 h5 21.
e4 h4 22. g4 Nh5 23. Kh1 Nf4 24. Qd2 h3 25. Bc1 e5 26. dxe5 dxe5 27. Qb2 fxg4
28. fxg4 Qxg4 29. Bxf4 exf4 30. Qf2 Rc3 31. Qxf4+ Qxf4 32. Rxf4+ Ke6 33. Bf1
Rc1 34. Kg1 Ba6 35. Rf3 Rxf1+ 36. Rxf1 Bxf1 37. Kxf1 Ke5 38. Kf2 Kxe4 39. Kg3
Kd4 40. Kxh3 Kc4 41. Kg4 Kb3 42. b5 Kxa3 43. Kg5 Ka4 0-1

[Event "PARDUBICE OPEN  2007 "]
[Site "CEZ arena,  Pardubice  (CZE)"]
[Date "2007.07.24"]
[Round "5"]
[White "Kryakvin, Dmitry"]
[Black "Kulhanek, Tomas"]
[Result "1/2-1/2"]
[WhiteElo "2554"]
[BlackElo "2428"]
[PlyCount "157"]
[EventDate "2007.07.20"]

1. e4 c5 2. Nf3 Nc6 3. d4 cxd4 4. Nxd4 g6 5. Nc3 Bg7 6. Be3 Nf6 7. Nxc6 bxc6 8.
e5 Nd5 9. Nxd5 cxd5 10. Qxd5 Rb8 11. Bc4 e6 12. Qc5 Bb7 13. O-O Rc8 14. Qb4
Bxe5 15. Bxe6 Ba6 16. Bxd7+ Qxd7 17. Rfe1 f6 18. f4 Rc4 19. Qa5 Ra4 20. Qd2 Bc7
21. Bxa7+ Kd8 22. Qc3 Kc8 23. Rad1 Qb5 24. Re7 Qb7 25. Qe3 Qc6 26. Re6 Qb5 27.
Re7 Rc4 28. c3 Rc6 29. b3 Rd6 30. Bd4 Qc6 31. Re1 Bb7 32. Re2 Bb6 33. h3 Bxd4
34. cxd4 Kb8 35. Kh2 Rhd8 36. Rxh7 Rxd4 37. Qg3 f5 38. Rg7 Re4 39. Rxe4 Qxe4
40. Qf2 Qc6 41. Qe2 Ka8 42. Re7 Qd6 43. Re5 g5 44. Qf2 Qd4 45. Qxd4 Rxd4 46.
fxg5 Rd2 47. Ra5+ Kb8 48. Kg3 Rxg2+ 49. Kf4 Rf2+ 50. Ke5 f4 51. g6 f3 52. Kf6
Rg2 53. g7 Be4 54. Rc5 f2 55. Rc1 Rg1 56. Rf1 Rg2 57. Ke5 Bd3 58. Rxf2 Rxg7 59.
h4 Rh7 60. Rf4 Kb7 61. Kd4 Be2 62. a4 Kb6 63. Kc3 Rc7+ 64. Kb4 Bd1 65. Rd4 Be2
66. Rd6+ Ka7 67. Rd2 Bg4 68. Rd5 Rh7 69. Rd4 Be6 70. Ka3 Rg7 71. b4 Rg3+ 72.
Kb2 Bb3 73. a5 Ka6 74. h5 Bf7 75. Rh4 Kb5 76. h6 Rg2+ 77. Kc3 Bg6 78. Rh5+ Bxh5
79. h7 1/2-1/2

[Event "PARDUBICE OPEN  2007 "]
[Site "CEZ arena,  Pardubice  (CZE)"]
[Date "2007.07.24"]
[Round "5"]
[White "Zhigalko, Andrey"]
[Black "Dolezal, Radoslav"]
[Result "1/2-1/2"]
[WhiteElo "2529"]
[BlackElo "2418"]
[PlyCount "93"]
[EventDate "2007.07.20"]

1. e4 e5 2. Nf3 Nc6 3. Bb5 a6 4. Ba4 Nf6 5. O-O Be7 6. Re1 b5 7. Bb3 O-O 8. c3
d6 9. h3 Nb8 10. d4 Nbd7 11. Nbd2 Bb7 12. Bc2 Re8 13. Nf1 Bf8 14. Ng3 g6 15. a4
Bg7 16. Bd3 c6 17. Bg5 h6 18. Bd2 Qb6 19. Be3 Qc7 20. Qd2 Kh7 21. b4 d5 22.
dxe5 Nxe4 23. Nxe4 dxe4 24. Bxe4 Nxe5 25. Nxe5 Qxe5 26. Bd4 Qd6 27. axb5 axb5
28. Bf3 Rxa1 29. Rxa1 Bxd4 30. cxd4 Bc8 31. Rc1 Bd7 32. h4 h5 33. g3 Qf6 34.
Bg2 Re6 35. Rc5 Rd6 36. d5 cxd5 37. Rxd5 Rxd5 38. Qxd5 Qe6 39. Qxe6 Bxe6 40. f4
Kg7 41. Kf2 Kf6 42. Bf1 Bd7 43. Ke3 Ke7 44. Kd4 Kd6 45. Be2 f5 46. Bf3 Be6 47.
Be2 1/2-1/2

[Event "PARDUBICE OPEN  2007 "]
[Site "CEZ arena,  Pardubice  (CZE)"]
[Date "2007.07.24"]
[Round "5"]
[White "Yandemirov, Valeri"]
[Black "Ostrovskiy, Andrey"]
[Result "1/2-1/2"]
[WhiteElo "2504"]
[BlackElo "2417"]
[PlyCount "100"]
[EventDate "2007.07.20"]

1. e4 e5 2. Nf3 Nc6 3. Bb5 a6 4. Bxc6 dxc6 5. Nc3 f6 6. d4 exd4 7. Nxd4 c5 8.
Nde2 Qxd1+ 9. Nxd1 Be6 10. Bf4 O-O-O 11. Ne3 c4 12. Rd1 Rxd1+ 13. Nxd1 Bf7 14.
h4 h5 15. f3 Ne7 16. Ne3 Nc6 17. Nc3 Bc5 18. Ncd5 b5 19. c3 Ne5 20. Bxe5 fxe5
21. Ke2 a5 22. Nc2 Be6 23. Nde3 g6 24. a3 c6 25. Nd1 Kc7 26. Nf2 Be7 27. g3 Ra8
28. Nh3 Rf8 29. Ng5 Bc8 30. Rd1 Kb6 31. Ne3 Kc5 32. Rf1 Bd6 33. Rg1 Be7 34. Rf1
Bd6 35. Ra1 Bc7 36. Rd1 Bd8 37. Nh7 Re8 38. Ng5 Rf8 39. Nh7 Rh8 40. Ng5 Rf8 41.
a4 Be7 42. axb5 Kxb5 43. Ra1 Rf6 44. Rd1 Rf8 45. Nh7 Re8 46. Ng5 Rf8 47. Rf1
Bd6 48. Ra1 Be7 49. Rf1 Bd6 50. Rd1 Be7 1/2-1/2

[Event "PARDUBICE OPEN  2007 "]
[Site "CEZ arena,  Pardubice  (CZE)"]
[Date "2007.07.24"]
[Round "5"]
[White "Schebler, Gerhard"]
[Black "Krumpacnik, Domen"]
[Result "1/2-1/2"]
[WhiteElo "2496"]
[BlackElo "2410"]
[PlyCount "40"]
[EventDate "2007.07.20"]

1. d4 Nf6 2. c4 e6 3. Nf3 Bb4+ 4. Nbd2 d5 5. Qa4+ Nc6 6. e3 O-O 7. a3 Bxd2+ 8.
Bxd2 Ne4 9. Qc2 f5 10. Bd3 Bd7 11. b4 Be8 12. b5 Ne7 13. Bb4 Rf6 14. O-O Ng6
15. Rfc1 c6 16. a4 Rc8 17. bxc6 Bxc6 18. cxd5 exd5 19. g3 Qd7 20. Bf1 Re8
1/2-1/2

[Event "PARDUBICE OPEN  2007 "]
[Site "CEZ arena,  Pardubice  (CZE)"]
[Date "2007.07.24"]
[Round "5"]
[White "Cifka, Stanislav"]
[Black "Bosiocic, Marin"]
[Result "1/2-1/2"]
[WhiteElo "2410"]
[BlackElo "2496"]
[PlyCount "109"]
[EventDate "2007.07.20"]

1. d4 Nf6 2. c4 g6 3. Nc3 Bg7 4. e4 d6 5. Be2 O-O 6. Nf3 e5 7. O-O c6 8. dxe5
dxe5 9. Qxd8 Rxd8 10. Nxe5 Nxe4 11. Nxe4 Bxe5 12. Bg5 Re8 13. Bf3 Be6 14. Bf6
Bf5 15. Bxe5 Bxe4 16. Bc3 Bxf3 17. gxf3 Nd7 18. Rad1 Nf8 19. Rd6 Rad8 20. Rfd1
Rxd6 21. Rxd6 f5 22. Kg2 Kf7 23. Bb4 Rc8 24. Kg3 c5 25. Bc3 Ke7 26. Rd5 Ne6 27.
h4 h5 28. Be5 Rc6 29. a3 a6 30. f4 b5 31. cxb5 axb5 32. Kf3 Rb6 33. Ke3 Ra6 34.
f3 Rc6 35. Rd1 Nf8 36. b4 cxb4 37. axb4 Ke6 38. Ra1 Nd7 39. Ra5 Nxe5 40. fxe5
Rc4 41. Rxb5 Rxh4 42. f4 g5 43. Rb6+ Ke7 44. Rb7+ Ke6 45. Rb6+ Ke7 46. fxg5 Rg4
47. g6 h4 48. Rf6 Rxb4 49. Rxf5 Rg4 50. Rf4 Rxg6 51. Rxh4 Rg1 52. Ke4 Re1+ 53.
Kd5 Rd1+ 54. Rd4 Rxd4+ 55. Kxd4 1/2-1/2

[Event "PARDUBICE OPEN  2007 "]
[Site "CEZ arena,  Pardubice  (CZE)"]
[Date "2007.07.24"]
[Round "5"]
[White "Henrichs, Thomas"]
[Black "Shevtsov, Nikoliy"]
[Result "1-0"]
[WhiteElo "2496"]
[BlackElo "2400"]
[PlyCount "97"]
[EventDate "2007.07.20"]

1. e4 c5 2. Nf3 d6 3. d4 cxd4 4. Nxd4 Nf6 5. Nc3 a6 6. Be3 Ng4 7. Bc1 Nf6 8.
Be2 e5 9. Nb3 Be7 10. O-O O-O 11. Kh1 Nc6 12. f3 Be6 13. Nd5 a5 14. Be3 a4 15.
Nc1 Bxd5 16. exd5 Nd4 17. Bxd4 exd4 18. Qxd4 Qa5 19. c4 Rfc8 20. Bd3 Rc7 21.
Ne2 Qb4 22. Rab1 Kf8 23. Nc3 Ra5 24. b3 a3 25. Bf5 Bd8 26. Rbd1 Re7 27. Nb5 Re2
28. Bb1 Ra6 29. Qf4 Ba5 30. Nd4 Re5 31. Nf5 Ra8 32. Qg5 Rxf5 33. Qxf5 Re8 34.
f4 h6 35. g4 Qc5 36. g5 Ng8 37. Rf3 Re2 38. Qd3 Rb2 39. Re3 Qc8 40. Qe4 hxg5
41. fxg5 Bd2 42. Rg3 Ne7 43. Rf1 g6 44. Qh4 Ke8 45. Qh7 Rxb1 46. Qxf7+ Kd8 47.
Rxb1 Qf5 48. Qxf5 Nxf5 49. Rf3 1-0

[Event "PARDUBICE OPEN  2007 "]
[Site "CEZ arena,  Pardubice  (CZE)"]
[Date "2007.07.24"]
[Round "5"]
[White "Garcia, Castro Pablo"]
[Black "Jaracz, Pawel"]
[Result "1/2-1/2"]
[WhiteElo "2405"]
[BlackElo "2495"]
[PlyCount "50"]
[EventDate "2007.07.20"]

1. g3 e5 2. Bg2 Nf6 3. d3 d5 4. Nf3 Nc6 5. O-O Be6 6. Nc3 h6 7. e4 dxe4 8. Nxe4
Nxe4 9. dxe4 Qxd1 10. Rxd1 Bc5 11. c3 a5 12. Bf1 O-O 13. Re1 Rfd8 14. Bb5 f6
15. a4 Na7 16. Be2 Nc8 17. Nd2 Nd6 18. Kg2 c6 19. Bd1 Bf7 20. Bc2 Rd7 21. h4 h5
22. Nf1 Rad8 23. b3 Bg6 24. f3 Ne8 25. Re2 Nc7 1/2-1/2

[Event "PARDUBICE OPEN  2007 "]
[Site "CEZ arena,  Pardubice  (CZE)"]
[Date "2007.07.24"]
[Round "5"]
[White "Jansa, Vlastimil"]
[Black "Gumula, Daniel"]
[Result "0-1"]
[WhiteElo "2494"]
[BlackElo "2387"]
[PlyCount "70"]
[EventDate "2007.07.20"]

1. e4 e5 2. Nf3 Nc6 3. Bb5 a6 4. Ba4 Nf6 5. O-O Be7 6. Re1 b5 7. Bb3 d6 8. c3
O-O 9. h3 Rb8 10. d4 exd4 11. cxd4 d5 12. exd5 Nxd5 13. Nbd2 Ndb4 14. a3 Nd3
15. Re3 Nxc1 16. Rxc1 Bb7 17. Ne4 Na5 18. Ba2 Nc4 19. Bxc4 bxc4 20. Qa4 Bd5 21.
Rc2 Rb6 22. Rce2 Re6 23. Ned2 Bd6 24. Ne5 c5 25. Nexc4 Qg5 26. g3 Bf4 27. Re5
Bxe5 28. Nxe5 Qh5 29. Re3 Qxh3 30. f3 Qxg3+ 31. Kf1 Qf4 32. Re2 cxd4 33. Nd3
Qh4 34. Nf2 Rxe2 35. Kxe2 d3+ 0-1

[Event "PARDUBICE OPEN  2007 "]
[Site "CEZ arena,  Pardubice  (CZE)"]
[Date "2007.07.24"]
[Round "5"]
[White "Aliavdin, Nikolai"]
[Black "Iskusnykh, Sergei"]
[Result "1/2-1/2"]
[WhiteElo "2403"]
[BlackElo "2488"]
[PlyCount "91"]
[EventDate "2007.07.20"]

1. e4 c5 2. Nf3 d6 3. d4 cxd4 4. Nxd4 Nf6 5. Nc3 Nc6 6. Bc4 Qb6 7. Nxc6 bxc6 8.
O-O g6 9. Qe1 Qc5 10. b3 Bg7 11. Be3 Qh5 12. Rd1 Ng4 13. Bf4 g5 14. Bg3 Be5 15.
Bxe5 Nxe5 16. Be2 Qg6 17. Qd2 O-O 18. Rde1 Kh8 19. f3 Rg8 20. Nd1 f5 21. exf5
Bxf5 22. Ne3 Rg7 23. Kh1 Be6 24. c4 c5 25. Bd1 Rf8 26. Bc2 Qh6 27. Be4 Rgf7 28.
Bd5 g4 29. Bxe6 Qxe6 30. fxg4 Rxf1+ 31. Rxf1 Rxf1+ 32. Nxf1 Qxg4 33. h3 Qf5 34.
Ng3 Qf6 35. Qd5 Qg5 36. Kh2 Ng4+ 37. hxg4 Qh4+ 38. Kg1 Qxg3 39. Qf7 Qe1+ 40.
Kh2 Qh4+ 41. Kg1 Qe1+ 42. Kh2 Qe5+ 43. Kh3 Qe3+ 44. g3 Qh6+ 45. Kg2 Qd2+ 46.
Kh3 1/2-1/2

[Event "PARDUBICE OPEN  2007 "]
[Site "CEZ arena,  Pardubice  (CZE)"]
[Date "2007.07.24"]
[Round "5"]
[White "Stopa, Jacek"]
[Black "Maiorov, Nikita"]
[Result "1-0"]
[WhiteElo "2400"]
[BlackElo "2487"]
[PlyCount "103"]
[EventDate "2007.07.20"]

1. Nf3 Nf6 2. g3 d5 3. Bg2 c6 4. O-O Bg4 5. d3 Nbd7 6. Nbd2 e5 7. h3 Bh5 8. e4
Bd6 9. Qe1 O-O 10. Nh4 Re8 11. a4 a5 12. Nf5 Bb4 13. g4 Bg6 14. Qe3 Qb6 15. Qe2
Rad8 16. Ng3 dxe4 17. dxe4 h6 18. Nf3 Nf8 19. c3 Bc5 20. Qc4 N6d7 21. Rb1 Qa7
22. Nh4 Bh7 23. g5 hxg5 24. Bxg5 Be7 25. Be3 Bc5 26. Nhf5 Ne6 27. Rbd1 Bxe3 28.
fxe3 Bxf5 29. Nxf5 Qc5 30. Qe2 Nb6 31. Rxd8 Rxd8 32. Qg4 Rd7 33. Kh2 Kf8 34.
Qh4 Ke8 35. Rf3 Nxa4 36. Rg3 Qf8 37. b4 Nxc3 38. bxa5 Ne2 39. Rf3 Nc3 40. Rf2
g6 41. Rc2 Nd1 42. a6 bxa6 43. Rxc6 gxf5 44. exf5 Qe7 45. Rc8+ Nd8 46. Qh8+ Qf8
47. Qxe5+ Qe7 48. Qh8+ Qf8 49. Rxd8+ Rxd8 50. Bc6+ Rd7 51. Bxd7+ Ke7 52. f6+
1-0